| 000 | 00933nam a2200277 a 4500 | ||
|---|---|---|---|
| 001 | 000110467 | ||
| 003 | CHAP | ||
| 005 | 20220329144135.0 | ||
| 008 | 140902s2014 mx |r| |||||||spa d | ||
| 010 | _a106929 | ||
| 011 | _a107901 | ||
| 040 | _cCHAP | ||
| 090 | _aFolleto 18469 | ||
| 245 | 0 | 0 |
_aLey federal de producción, certificación y comercio de semillas / _cpor Servicio Nacional de Inspección y Certificación de Semillas. |
| 260 |
_aMéxico : _bServicio Nacional de Inspección y Certificación de Semillas, _c[2014]. |
||
| 300 | _a32 p. | ||
| 590 |
_aE6096MTM _b05 _c20140902 _lUCH01 _h1009 |
||
| 650 | 1 | 4 |
_aSemillas _xCertificación. _9103883 |
| 650 | 1 | 4 |
_aSemillas _xLegislación. _9103908 |
| 650 | 1 | 4 |
_aSemillas _xMercadeo. _9103916 |
| 650 | 1 | 4 |
_aSemillas _xProducción. _9103927 |
| 710 | 2 |
_aServicio Nacional de Inspección y Certificación de Semillas _9105310 |
|
| 901 | _aBK | ||
| 942 | _cFOLL | ||
| 942 | _n0 | ||
| 999 |
_c106929 _d106929 |
||